<?xml version="1.0" encoding="UTF-8"?>
<collection xmlns:xsi="http://www.w3.org/2001/XMLSchema-instance" xsi:schemaLocation="http://www.loc.gov/MARC21/slim http://www.loc.gov/standards/marcxml/schema/MARC21slim.xsd" xmlns="http://www.loc.gov/MARC21/slim">
 <record>
  <leader>00000nam a2200000 i 4500</leader>
  <controlfield tag="001">UP-8027390931311884312</controlfield>
  <controlfield tag="003">Buklod</controlfield>
  <controlfield tag="005">20250505143655.0</controlfield>
  <controlfield tag="006">m|||||o||d||||||||</controlfield>
  <controlfield tag="007">cr |||||||||||</controlfield>
  <controlfield tag="008">250429s2024    ph go         ||| u fil  </controlfield>
  <datafield tag="035" ind1=" " ind2=" ">
   <subfield code="a">UPVT-00020034862</subfield>
  </datafield>
  <datafield tag="040" ind1=" " ind2=" ">
   <subfield code="a">UPTC</subfield>
   <subfield code="e">rda</subfield>
  </datafield>
  <datafield tag="041" ind1=" " ind2=" ">
   <subfield code="a">war</subfield>
   <subfield code="a">eng</subfield>
  </datafield>
  <datafield tag="090" ind1=" " ind2=" ">
   <subfield code="a">MT 91</subfield>
   <subfield code="b">K65 2024</subfield>
  </datafield>
  <datafield tag="100" ind1="1" ind2=" ">
   <subfield code="a">Lagarde, Stephen Q.</subfield>
   <subfield code="e">author</subfield>
   <subfield code="e">arranger.</subfield>
  </datafield>
  <datafield tag="245" ind1="1" ind2="0">
   <subfield code="a">Kanta Binisayá intense</subfield>
   <subfield code="b">promoting Eastern Visayan musical culture, heritage and identity</subfield>
   <subfield code="c">Stephen Q. Lagarde.</subfield>
  </datafield>
  <datafield tag="264" ind1=" " ind2="1">
   <subfield code="a">Tacloban City</subfield>
   <subfield code="b">Stephen Q. Lagarde</subfield>
   <subfield code="c">2024.</subfield>
  </datafield>
  <datafield tag="300" ind1=" " ind2=" ">
   <subfield code="a">173 pages</subfield>
   <subfield code="b">scores, photographs</subfield>
   <subfield code="c">28 cm</subfield>
  </datafield>
  <datafield tag="336" ind1=" " ind2=" ">
   <subfield code="a">text</subfield>
   <subfield code="2">rdacontent</subfield>
  </datafield>
  <datafield tag="336" ind1=" " ind2=" ">
   <subfield code="a">notated music</subfield>
   <subfield code="2">rdacontent</subfield>
  </datafield>
  <datafield tag="337" ind1=" " ind2=" ">
   <subfield code="a">unmediated</subfield>
   <subfield code="2">rdamedia</subfield>
  </datafield>
  <datafield tag="338" ind1=" " ind2=" ">
   <subfield code="a">sheet</subfield>
   <subfield code="2">rdacarrier</subfield>
  </datafield>
  <datafield tag="338" ind1=" " ind2=" ">
   <subfield code="a">volume</subfield>
   <subfield code="2">rdacarrier</subfield>
  </datafield>
  <datafield tag="500" ind1=" " ind2=" ">
   <subfield code="a">&quot;Kanta Binisayá is the most recent collection of the choral arrangements and compositions of Stephen Q. Lagarde, PhD.... Contains new and unpublished arrangements ... that have not been published in any of the author's previous books. It further contains updated arrangements of significant number of Visayan folk songs....&quot;-publisher.</subfield>
  </datafield>
  <datafield tag="500" ind1=" " ind2=" ">
   <subfield code="a">Spring bound.</subfield>
  </datafield>
  <datafield tag="505" ind1="0" ind2=" ">
   <subfield code="a">Prologue-- Preface-- Binisaya or Waray: which is which?-- Kanta Binisayas: a journey of gains and challenges-- Acknowledgments-- Foreword-- Kanta Binisaya: choral arrangements of Eastern Visayan musical culture, heritage, and identity-- buring la guihapon-- Eastern Visayan medley II-- himno Taclobanon-- huyuhoy-- iba nga lawiswis-- kanta Binisaya sing-along-- kanta Binisaya theme song-- kuratsa vocalise-- lubi-lubi-- Man Badul-- may duha nga tamsi-- tuba-- About the author/arranger-- Kanta Binisaya photo gallery.</subfield>
  </datafield>
  <datafield tag="650" ind1=" " ind2="0">
   <subfield code="a">Songs, Bisayan.</subfield>
  </datafield>
  <datafield tag="650" ind1=" " ind2="0">
   <subfield code="a">Waray songs.</subfield>
  </datafield>
  <datafield tag="650" ind1=" " ind2="0">
   <subfield code="a">Songs</subfield>
   <subfield code="z">Philippines</subfield>
   <subfield code="z">Eastern Visayas.</subfield>
  </datafield>
  <datafield tag="650" ind1=" " ind2="0">
   <subfield code="a">Music analysis</subfield>
   <subfield code="x">Music collections</subfield>
   <subfield code="z">Philippines</subfield>
   <subfield code="z">Eastern Visayas.</subfield>
  </datafield>
  <datafield tag="650" ind1=" " ind2="0">
   <subfield code="a">Music appreciation</subfield>
   <subfield code="x">Music collections</subfield>
   <subfield code="z">Philippines</subfield>
   <subfield code="z">Eastern Visayas.</subfield>
  </datafield>
  <datafield tag="650" ind1=" " ind2="0">
   <subfield code="a">Folk songs, Waray</subfield>
   <subfield code="z">Philippines</subfield>
   <subfield code="z">Eastern Visayas.</subfield>
  </datafield>
  <datafield tag="842" ind1=" " ind2=" ">
   <subfield code="a">Book</subfield>
  </datafield>
  <datafield tag="905" ind1=" " ind2=" ">
   <subfield code="a">FI</subfield>
  </datafield>
  <datafield tag="852" ind1="0" ind2=" ">
   <subfield code="a">UPTAC</subfield>
   <subfield code="b">UPTAC</subfield>
   <subfield code="h">MT 91</subfield>
   <subfield code="i">K65 2024</subfield>
  </datafield>
  <datafield tag="942" ind1=" " ind2=" ">
   <subfield code="a">Book</subfield>
  </datafield>
 </record>
</collection>
